घरबसल्या इलाज लोहचुंबक चिकित्सा (Record no. 79330)

MARC details
000 -LEADER
fixed length control field 00690nam a2200181Ia 4500
008 - FIXED-LENGTH DATA ELEMENTS--GENERAL INFORMATION
fixed length control field 090123s9999 xx 000 0 und d
082 ## - DEWEY DECIMAL CLASSIFICATION NUMBER
Item number 41254
100 ## - MAIN ENTRY--PERSONAL NAME
Personal name गाला धिरेन
245 ## - TITLE STATEMENT
Title घरबसल्या इलाज लोहचुंबक चिकित्सा
250 ## - EDITION STATEMENT
Edition statement 0
260 ## - PUBLICATION, DISTRIBUTION, ETC. (IMPRINT)
Name of publisher, distributor, etc नवनीत प्रकाशन
300 ## - PHYSICAL DESCRIPTION
Extent 122
600 ## - SUBJECT ADDED ENTRY--PERSONAL NAME
Personal name गाला धिरेन
630 ## - SUBJECT ADDED ENTRY--UNIFORM TITLE
Uniform title घरबसल्या इलाज लोहचुंबक चिकित्सा
700 ## - ADDED ENTRY--PERSONAL NAME
Personal name गाला धिरेन
730 ## - ADDED ENTRY--UNIFORM TITLE
Uniform title घरबसल्या इलाज लोहचुंबक चिकित्सा
942 ## - ADDED ENTRY ELEMENTS (KOHA)
Koha item type Book
Holdings
Withdrawn status Lost status Damaged status Not for loan Home library Current library Date acquired Cost, normal purchase price Total Checkouts Full call number Barcode Date last seen Cost, replacement price Price effective from Koha item type
        Jawahar Wachalanalaya, Kalwa Jawahar Wachalanalaya, Kalwa 06/21/2007 18.00   41254 KLW-41254 01/23/2009 18.00 01/23/2009 Book